Buddhist Philosophy in Theorye (Record no. 1389320)

MARC details
000 -LEADER
fixed length control field 00558nam a2200229Ia 4500
008 - FIXED-LENGTH DATA ELEMENTS--GENERAL INFORMATION
fixed length control field 160620s9999||||xx |||||||||||||| ||und||
040 ## - CATALOGING SOURCE
Transcribing agency English
082 ## - DEWEY DECIMAL CLASSIFICATION NUMBER
Classification number X.A/Guenther
082 ## - DEWEY DECIMAL CLASSIFICATION NUMBER
Item number BORI-37169
245 ## - TITLE STATEMENT
Title Buddhist Philosophy in Theorye
260 ## - PUBLICATION, DISTRIBUTION, ETC. (IMPRINT)
Name of publisher, distributor, etc Penguine Books
300 ## - PHYSICAL DESCRIPTION
Extent 240
300 ## - PHYSICAL DESCRIPTION
Dimensions E
300 ## - PHYSICAL DESCRIPTION
Accompanying material Paperback
530 ## - ADDITIONAL PHYSICAL FORM AVAILABLE NOTE
Uniform Resource Identifier <a href="00037169.pdf">00037169.pdf</a>
563 ## - BINDING INFORMATION
Binding note Study
630 ## - SUBJECT ADDED ENTRY--UNIFORM TITLE
Uniform title Buddhist Philosophy in Theorye
650 ## - SUBJECT ADDED ENTRY--TOPICAL TERM
Topical term or geographic name as entry element Buddhism
650 ## - SUBJECT ADDED ENTRY--TOPICAL TERM
Topical term or geographic name as entry element Buddhism&Jainism
730 ## - ADDED ENTRY--UNIFORM TITLE
Uniform title Buddhist Philosophy in Theorye
942 ## - ADDED ENTRY ELEMENTS (KOHA)
Koha item type Book

No items available.